Význam komoditnej burzy v ekonomike

Salvato in:
Dettagli Bibliografici
Autore principale: Krejčí, Igor
Natura: Libro
Lingua:slovacco
Pubblicazione: Bratislava Veda 1995
Soggetti:
Tags: Aggiungi Tag
Nessun Tag, puoi essere il primo ad aggiungerne!!

MARC

LEADER 00000nam a2200000 4500
001 c010002
005 20230228104155.1
020 |a 80-224-0406-3 
041 0 |a slo 
044 |a SK 
245 1 0 |a Význam komoditnej burzy v ekonomike  |c Igor Krejčí 
264 1 |a Bratislava  |b Veda  |c 1995 
300 |a 91 s. 
610 2 0 |a burzy komoditné 
610 2 0 |a burzy peňažné 
610 2 0 |a Slovensko 
610 2 0 |a trh nákupný 
610 2 0 |a trh odbytový 
610 2 0 |a tovar 
610 2 0 |a obchody burzové 
610 2 0 |a BMKB Bratislava 
100 1 |a Krejčí, Igor